000 00642nam a2200205Ia 4500
003 GCL
008 140319s9999 xx 000 0 ara d
040 _aGCL /
_cGCL
082 0 4 _a935
_bم م
100 1 _aمحمد ابوالمحاسن عصفور
245 1 0 _aمعالم حضارات الشرق الادنى القدبم /
_cمحمد ابوالمحاسن عصفور
300 _a314 ص
490 _a
650 0 4 _aالحضارة الفرعونية
650 0 4 _aالديانات القديمة
650 0 4 _aالفرس
650 0 4 _aالشرق القديم
650 0 4 _aالعراق القديم - تاريخ
942 _2ddc
_cBK
999 _c37734
_d37734